Prescription for small-college turnaround (Record no. 74775)

MARC details
000 -CABECERA
campo de control de longitud fija 00607nam a2200229 a 4500
005 - FECHA Y HORA DE LA ÚLTIMA TRANSACCIÓN
campo de control 20210219153345.0
008 - ELEMENTOS DE LONGITUD FIJA--INFORMACIÓN GENERAL
campo de control de longitud fija 991125n 000 0 u
035 ## - NÚMERO DE CONTROL DEL SISTEMA
Número de control de sistema UPN01000093605
100 ## - ASIENTO PRINCIPAL--NOMBRE PERSONAL
Nombre de persona Cowan, Ruth B.
222 ## - TÍTULO CLAVE
Título clave CHANGE
245 ## - MENCIÓN DE TÍTULO
Título Prescription for small-college turnaround
300 ## - DESCRIPCIÓN FÍSICA
Extensión 30-39
362 ## - FECHAS DE PUBLICACIÓN Y/O DESIGNACIÓN SECUENCIAL
Fecha de publicación y/o designación secuencial 25, No. 1, 1993
505 ## - NOTA DE CONTENIDO CON FORMATO PREESTABLECIDO
Nota de contenido con formato Junio 1993
653 0# - TERMINO DE INDIZACION - NO CONTROLADO
Término no controlado CAMBIO ORGANIZACIONAL
653 0# - TERMINO DE INDIZACION - NO CONTROLADO
Término no controlado CLIMA ORGANIZACIONAL
653 0# - TERMINO DE INDIZACION - NO CONTROLADO
Término no controlado COLEGIOS PEQUE\197OS
653 0# - TERMINO DE INDIZACION - NO CONTROLADO
Término no controlado CAMBIO ORGANIZACIONAL
653 0# - TERMINO DE INDIZACION - NO CONTROLADO
Término no controlado SUPERVIVENCIA INSTITUCIONAL
904 ## - ELEMENTOS DE DATOS D LOCAL, LDD (RLIN)
a AC
b 031416
905 ## - TIPO DE MATERIAL
Tipo de material Articulo

No items available.